| 000 | 01930nam a2200577 i 4500 | ||
|---|---|---|---|
| 001 | 45898 | ||
| 003 | KOSZ 005 | ||
| 005 | 20230120083928.0 | ||
| 008 | 050817s2004 pl a |000 0 pol | ||
| 015 | _aUWD 2005/14871 | ||
| 020 | _a837348096X | ||
| 035 | _a991027833389705066 | ||
| 035 | _a(PL-WaBN)b17541037-48omnis_nlop | ||
| 035 | _ab17541037 | ||
| 035 | _a(OCoLC)830678468 | ||
| 035 | _azz2004957275 | ||
| 035 | _a(PL)b0000001754103 | ||
| 035 | _a(EXLNZ-48OMNIS_NETWORK)9910514953705606 | ||
| 040 |
_aWA N _cWA N _dKOSZ 005/HR |
||
| 041 | 0 |
_apol _beng |
|
| 046 | _k2004 | ||
| 080 | _a669.1 | ||
| 080 | _a621.375.826 | ||
| 080 | _a621.791/.795 | ||
| 080 | _a620.193 | ||
| 080 | _a539.3/.6 | ||
| 100 | 1 |
_aSzkodo, Marek _eAutor |
|
| 245 | 1 | 0 |
_aOcena odporności kawitacyjnej stali obrabianych laserowo / _cMarek Szkodo ; Politechnika Gdańska. |
| 260 |
_aGdańsk : _bWydawnictwo Politechniki Gdańskiej, _c2004. |
||
| 300 |
_a107, [1] s. : _bfot., rys., wykr. ; _c24 cm. |
||
| 336 |
_aTekst _btxt _2rdacontent |
||
| 337 |
_aBez urządzenia pośredniczącego _bn _2rdamedia |
||
| 338 |
_aWolumin _bnc _2rdacarrier |
||
| 380 | _aKsiążki | ||
| 388 | _a2001- | ||
| 490 | 1 |
_aMonografie / Politechnika Gdańska ; _v50 |
|
| 504 | _aBibliogr. s. 102-107. | ||
| 546 | _aStreszcz. ang. | ||
| 650 | 7 |
_aInżynieria powierzchni _2DBN |
|
| 650 | 7 |
_aKorozja i erozja _2DBN |
|
| 650 | 7 |
_aNaprężenia i odkształcenia _2DBN |
|
| 650 | 7 | _aObróbka laserowa | |
| 650 | 7 |
_aStal _2DBN |
|
| 650 | 7 |
_aWytrzymałość materiałów _2DBN |
|
| 658 | _aInżynieria i technika | ||
| 710 | 2 |
_aWydawnictwo Politechniki Gdańskiej _4pbl |
|
| 830 | 0 |
_aMonografie - Politechnika Gdańska _v50 |
|
| 856 |
_uhttp://koha.tu.koszalin.pl/cgi-bin/koha/opac-detail.pl?biblionumber=45898 _yKatalog online BPK |
||
| 942 |
_2UKD _cKS |
||
| 999 |
_c45898 _d45898 |
||